000 00256nam a22001217a 4500
003 SGT
082 _a346.07
_bGAU
100 _aGAUTAM REEMA
245 _aANALYSIS OF INSOLVENCY AND BANKRUPTCY CODE 2016
260 _c2021
300 _a58
942 _2ddc
_cTH
999 _c34061
_d34061